[Event "LTU-chT2"]
[Site "Lithuania"]
[Date "2009.11.22"]
[Round "3.24"]
[White "Prismontaite, Reda"]
[Black "Beliajeva, Olga"]
[Result "1-0"]
[WhiteElo "1967"]
[BlackElo "2005"]
[PlyCount "63"]
[EventDate "2009.11.07"]
[EventType "team-tourn"]
[EventRounds "9"]
[EventCountry "LTU"]
[SourceTitle "EXT 2022"]
[Source "ChessBase"]
[SourceDate "2021.10.06"]
[SourceVersion "1"]
[SourceVersionDate "2021.10.06"]
[SourceQuality "1"]

1. d4 Nf6 2. c4 e6 3. Nf3 Bb4+ 4. Nbd2 c5 5. e3 0-0 6. Be2 d5 7. dxc5 Bxc5 8. 0-0 b6 9. Nb3 Be7 10. Nbd4 Bb7 11. b3 Nbd7 12. Bb2 h6 13. Rc1 Rc8 14. cxd5 Nxd5 15. Bb5 Bc5 16. Qe2 a6 17. Bd3 Nb4 18. Bb1 a5 19. Rfd1 Qe7 20. Nb5 Rfd8 21. e4 e5 22. Nc3 Ba6 23. Qe1 Nf6 24. Na4 Nd3 25. Bxd3 Bxd3 26. Nxe5 Bxe4 27. Nxc5 Rxd1 28. Rxd1 Rxc5 29. Nc4 Qc7 30. Bxf6 Bxg2 31. Rd8+ Kh7 32. Qb1+ 1-0

[Event "LTU-ch (Women)"]
[Site "Vilnius"]
[Date "2009.05.02"]
[Round "3"]
[White "Prismontaite, Reda"]
[Black "Limontaite, Simona"]
[Result "0-1"]
[WhiteElo "2013"]
[BlackElo "2208"]
[PlyCount "82"]
[EventDate "2009.05.02"]
[EventType "tourn"]
[EventRounds "9"]
[EventCountry "LTU"]
[SourceTitle "EXT 2024"]
[Source "ChessBase"]
[SourceDate "2023.10.10"]
[SourceVersion "1"]
[SourceVersionDate "2023.10.10"]
[SourceQuality "1"]

1. d4 d5 2. c4 e6 3. Nf3 Nf6 4. Bg5 h6 5. Bh4 Bb4+ 6. Nfd2 dxc4 7. e3 b5 8. a4 c6 9. Nc3 Bb7 10. Qf3 a6 11. Rd1 Nbd7 12. Nde4 Be7 13. Nxf6+ Nxf6 14. Bxf6 Bxf6 15. Be2 Qb6 16. Qh5 Be7 17. 0-0 0-0 18. Ne4 Rad8 19. Bf3 f5 20. Nc3 c5 21. Bxb7 Qxb7 22. Ne2 Bd6 23. dxc5 Bxc5 24. axb5 axb5 25. Nd4 Bxd4 26. exd4 Rd5 27. Rfe1 Qd7 28. Qe2 Rf6 29. Qe3 f4 30. Qe4 f3 31. gxf3 Qc7 32. Qh4 Rdf5 33. Re5 Rxf3 34. Rde1 Qf7 35. R1e2 R3f4 36. Qh3 Qg6+ 37. Kh1 Rxf2 38. Rxf2 Rxf2 39. Qxe6+ Qxe6 40. Rxe6 Rxb2 41. Rb6 c3 0-1

[Event "LTU-ch (Women)"]
[Site "Vilnius"]
[Date "2009.05.02"]
[Round "9"]
[White "Sarakauskiene, Zivile"]
[Black "Prismontaite, Reda"]
[Result "1/2-1/2"]
[WhiteElo "2210"]
[BlackElo "2013"]
[PlyCount "25"]
[EventDate "2009.05.02"]
[EventType "tourn"]
[EventRounds "9"]
[EventCountry "LTU"]
[SourceTitle "EXT 2024"]
[Source "ChessBase"]
[SourceDate "2023.10.10"]
[SourceVersion "1"]
[SourceVersionDate "2023.10.10"]
[SourceQuality "1"]

1. e4 c5 2. Nf3 Nc6 3. d4 cxd4 4. Nxd4 g6 5. Nc3 Bg7 6. Nb3 Nf6 7. Be2 0-0 8. 0-0 h6 9. h3 b6 10. Re1 d6 11. Bf1 Bb7 12. Nd5 Kh7 13. Nxf6+ 1/2-1/2

[Event "LTU-ch (Women)"]
[Site "Vilnius"]
[Date "2009.05.02"]
[Round "2"]
[White "Sulikiene, Kristina"]
[Black "Prismontaite, Reda"]
[Result "1-0"]
[WhiteElo "1972"]
[BlackElo "2013"]
[PlyCount "51"]
[EventDate "2009.05.02"]
[EventType "tourn"]
[EventRounds "9"]
[EventCountry "LTU"]
[SourceTitle "EXT 2024"]
[Source "ChessBase"]
[SourceDate "2023.10.10"]
[SourceVersion "1"]
[SourceVersionDate "2023.10.10"]
[SourceQuality "1"]

1. e4 c5 2. Nf3 Nc6 3. c3 g6 4. d4 cxd4 5. cxd4 Bg7 6. Nc3 d6 7. Bc4 Nf6 8. 0-0 0-0 9. h3 a6 10. a4 Bd7 11. Rb1 Rc8 12. Qe2 Na5 13. Ba2 Qe8 14. e5 dxe5 15. dxe5 Nh5 16. g4 Bxa4 17. gxh5 Bc6 18. Ng5 e6 19. b4 Bd7 20. Bb2 Nc6 21. Nce4 Qe7 22. hxg6 fxg6 23. Nf6+ Kh8 24. Ngxh7 Bxf6 25. Nxf8 Rxf8 26. exf6 1-0

[Event "LTU-ch sf (Women)"]
[Site "Vilnius"]
[Date "2009.02.14"]
[Round "3"]
[White "Lapinskaite, Sarune"]
[Black "Prismontaite, Reda"]
[Result "0-1"]
[WhiteElo "2021"]
[BlackElo "2011"]
[PlyCount "48"]
[EventDate "2009.02.13"]
[EventType "swiss"]
[EventRounds "7"]
[EventCountry "LTU"]
[SourceTitle "CBM 128 Extra"]
[Source "ChessBase"]
[SourceDate "2009.03.05"]
[SourceVersion "2"]
[SourceVersionDate "2009.03.25"]
[SourceQuality "1"]

1. e4 c5 2. c4 Nc6 3. Nf3 g6 4. d4 cxd4 5. Nxd4 Bg7 6. Be3 d6 7. Nc3 Nf6 8. Be2 0-0 9. 0-0 Bd7 10. Rc1 Nxd4 11. Bxd4 Bc6 12. f3 e6 13. Kh1 Qe7 14. a3 Rfd8 15. b4 b6 16. Qb3 Rac8 17. Rfd1 Bh6 18. Ra1 Nh5 19. Bf2 Bg7 20. a4 d5 21. exd5 exd5 22. Bd4 dxc4 23. Bxc4 Bxd4 24. Re1 Qf6 0-1

[Event "LTU-ch sf (Women)"]
[Site "Vilnius"]
[Date "2009.02.13"]
[Round "1"]
[White "Juciute, Einora"]
[Black "Prismontaite, Reda"]
[Result "1/2-1/2"]
[WhiteElo "1815"]
[BlackElo "2011"]
[PlyCount "106"]
[EventDate "2009.02.13"]
[EventType "swiss"]
[EventRounds "7"]
[EventCountry "LTU"]
[SourceTitle "CBM 128 Extra"]
[Source "ChessBase"]
[SourceDate "2009.03.05"]
[SourceVersion "2"]
[SourceVersionDate "2009.03.25"]
[SourceQuality "1"]

1. e4 c5 2. Nf3 Nc6 3. d4 cxd4 4. Nxd4 g6 5. Be2 Bg7 6. Nxc6 bxc6 7. 0-0 Nf6 8. Nc3 0-0 9. Bg5 Bb7 10. Bf3 d6 11. Re1 Nd7 12. Qd2 Ne5 13. Be2 Re8 14. b4 a5 15. b5 cxb5 16. Bxb5 Bc6 17. Rab1 Bxb5 18. Rxb5 Qd7 19. Reb1 Nc4 20. Qd5 Rac8 21. Rb7 Qg4 22. Bxe7 Bxc3 23. Bf6 Qe6 24. Bxc3 Qxd5 25. exd5 Na3 26. Re1 Rxe1+ 27. Bxe1 Rxc2 28. Kf1 Nc4 29. a3 Kg7 30. Ra7 Ra2 31. Bc3+ Kh6 32. Rxf7 Rxa3 33. Rf3 Kh5 34. h3 g5 35. g4+ Kh4 36. Kg2 h5 37. Rf6 Rxc3 38. Rh6 Rxh3 39. Rxh5+ Kxg4 40. Rxh3 Kf4 41. Rc3 Nb6 42. Rc6 Nxd5 43. Rxd6 Nc3 44. Rc6 Ne4 45. Ra6 g4 46. Rxa5 Nd6 47. Ra4+ Ne4 48. Rb4 Kf5 49. Rb8 Kf4 50. Rf8+ Kg5 51. Rg8+ Kf4 52. Rg7 Nd6 53. Rg8 Nf5 1/2-1/2

[Event "WMSG Rapid Team 1st (Women)"]
[Site "Beijing"]
[Date "2008.10.16"]
[Round "7"]
[White "Ni, Viktorija"]
[Black "Prismontaite, Reda"]
[Result "1-0"]
[WhiteElo "2168"]
[BlackElo "2011"]
[PlyCount "95"]
[EventDate "2008.10.14"]
[EventType "team (rapid)"]
[EventRounds "9"]
[EventCountry "CHN"]
[SourceTitle "CBM 126 Extra"]
[Source "ChessBase"]
[SourceDate "2008.11.05"]
[SourceVersion "1"]
[SourceVersionDate "2008.11.05"]
[SourceQuality "1"]

1. d4 Nf6 2. c4 g6 3. Nc3 d5 4. cxd5 Nxd5 5. e4 Nxc3 6. bxc3 Bg7 7. Bc4 c5 8. Ne2 0-0 9. 0-0 Nc6 10. Be3 Qc7 11. dxc5 Na5 12. Bd3 e5 13. Qc1 Rd8 14. Rd1 Be6 15. c4 Bf8 16. Nc3 f5 17. Nd5 Qf7 18. Bg5 Rdc8 19. Qc3 Nc6 20. exf5 gxf5 21. Be2 Bxd5 22. cxd5 Nd4 23. Rxd4 exd4 24. Qg3 Qg7 25. Rd1 Rxc5 26. Qh4 Rac8 27. Bf6 Qh6 28. Qxd4 Bg7 29. Bxg7 Qxg7 30. Qe3 Qc7 31. d6 Qd7 32. Qg5+ Qg7 33. Qe3 Re5 34. Qb3+ Qf7 35. Qb2 Qg7 36. Qb3+ Qf7 37. Qb2 Qg7 38. Bf3 Re1+ 39. Rxe1 Qxb2 40. d7 Qc3 41. dxc8Q+ Qxc8 42. Bd5+ Kg7 43. Re7+ Kf6 44. Re6+ Kg5 45. g3 Qc1+ 46. Kg2 Qc5 47. h4+ Kh5 48. Bf3# 1-0

[Event "WMSG Blitz Team 1st (Women)"]
[Site "Beijing"]
[Date "2008.10.13"]
[Round "1"]
[White "Bensdorp, Marlies"]
[Black "Prismontaite, Reda"]
[Result "1-0"]
[WhiteElo "2303"]
[BlackElo "2011"]
[PlyCount "45"]
[EventDate "2008.10.13"]
[EventType "team (blitz)"]
[EventRounds "11"]
[EventCountry "CHN"]
[SourceTitle "CBM 126 Extra"]
[Source "ChessBase"]
[SourceDate "2008.11.05"]
[SourceVersion "1"]
[SourceVersionDate "2008.11.05"]
[SourceQuality "1"]

1. d4 Nf6 2. c4 g6 3. Nc3 d5 4. e3 Bg7 5. Qb3 c6 6. Nf3 0-0 7. cxd5 cxd5 8. Bd3 Nc6 9. 0-0 a6 10. h3 b5 11. Bd2 Na5 12. Qc2 Nc4 13. b3 Nd6 14. Rfc1 Bb7 15. Qd1 Rc8 16. Ne5 Nfe4 17. Be1 e6 18. f3 Nxc3 19. Bxc3 Qb6 20. Qd2 Rc7 21. Ba5 Rxc1+ 22. Rxc1 Qa7 23. Rc5 1-0

[Event "WMSG Blitz Team 1st (Women)"]
[Site "Beijing"]
[Date "2008.10.13"]
[Round "4"]
[White "Prismontaite, Reda"]
[Black "Fronda Pascua, Jan Jodilyn"]
[Result "1-0"]
[WhiteElo "2011"]
[BlackElo "1996"]
[PlyCount "69"]
[EventDate "2008.10.13"]
[EventType "team (blitz)"]
[EventRounds "11"]
[EventCountry "CHN"]
[SourceTitle "CBM 126 Extra"]
[Source "ChessBase"]
[SourceDate "2008.11.05"]
[SourceVersion "1"]
[SourceVersionDate "2008.11.05"]
[SourceQuality "1"]

1. d4 d5 2. c4 c6 3. Nc3 e5 4. dxe5 d4 5. Ne4 Qa5+ 6. Bd2 Qxe5 7. Qc2 Bf5 8. f3 Bxe4 9. Qxe4 Qxe4 10. fxe4 c5 11. e5 Nc6 12. Nf3 h6 13. g3 Nge7 14. Bh3 Ng6 15. e6 f6 16. Bf5 Nge7 17. Be4 0-0-0 18. 0-0 Rd6 19. Ne1 Rxe6 20. Bf3 Rd6 21. Nd3 b6 22. Bf4 Rd8 23. a3 g5 24. Bd2 Ne5 25. Nxe5 fxe5 26. Bg4+ Kc7 27. Rf7 Rg8 28. Raf1 Re8 29. Be6 Kd6 30. Bh3 Bg7 31. b4 Ref8 32. bxc5+ bxc5 33. Ba5 Ng6 34. Bc7+ Kc6 35. Bg2+ 1-0

[Event "LTU-ch (Women)"]
[Site "Panevezys"]
[Date "2008.04.13"]
[Round "8"]
[White "Sulikiene, Kristina"]
[Black "Prismontaite, Reda"]
[Result "0-1"]
[WhiteElo "1985"]
[BlackElo "2005"]
[PlyCount "118"]
[EventDate "2008.04.08"]
[EventType "tourn"]
[EventRounds "9"]
[EventCountry "LTU"]
[SourceTitle "EXT 2022"]
[Source "ChessBase"]
[SourceDate "2021.10.06"]
[SourceVersion "1"]
[SourceVersionDate "2021.10.06"]
[SourceQuality "1"]

1. e4 c5 2. Nc3 Nc6 3. g3 g6 4. Bg2 Bg7 5. d3 e6 6. Be3 d6 7. Qd2 Nge7 8. f4 0-0 9. Nf3 Nd4 10. 0-0 Rb8 11. a3 b6 12. Rab1 d5 13. Ne2 Nxf3+ 14. Bxf3 d4 15. Bf2 Bb7 16. g4 f5 17. Bg3 Qc7 18. Kh1 Kh8 19. c3 dxc3 20. Nxc3 Rbd8 21. gxf5 gxf5 22. Qc2 Nc6 23. Bg2 Nd4 24. Qf2 Ba6 25. Rfd1 Rd7 26. e5 Bb7 27. Rbc1 Rg8 28. b4 Bf8 29. b5 Be7 30. a4 Bh4 31. Re1 Rdg7 32. Re3 Qf7 33. Bxb7 Qxb7+ 34. Qg2 Qxg2+ 35. Kxg2 h5 36. Rh1 Be7 37. h4 Rg4 38. Kh3 Rd8 39. Rh2 Bf8 40. Ra2 Nb3 41. Ne2 Bh6 42. Bh2 Nd4 43. Nc3 Bxf4 44. Bxf4 Rxf4 45. a5 Rg8 46. axb6 Nf3 47. Rxf3 Rxf3+ 48. Kh2 axb6 49. Rd2 Rfg3 50. Rd1 Rg2+ 51. Kh1 R2g4 52. Rd2 Rxh4+ 53. Rh2 Rxh2+ 54. Kxh2 Rg4 55. Kh3 Kg7 56. Ne2 f4 57. Nc3 f3 58. Nd1 Kg6 59. Nf2 Kf5 0-1

[Event "Warsaw AIG Life rapid 6th"]
[Site "Warsaw"]
[Date "2006.12.16"]
[Round "1"]
[White "Moiseenko, Alexander"]
[Black "Prismontaite, Reda"]
[Result "1-0"]
[WhiteElo "2632"]
[BlackElo "1963"]
[PlyCount "65"]
[EventDate "2006.12.16"]
[EventType "swiss (rapid)"]
[EventRounds "13"]
[EventCountry "POL"]
[SourceTitle "CBM 115 Extra"]
[Source "ChessBase"]
[SourceDate "2007.01.10"]
[SourceVersion "1"]
[SourceVersionDate "2007.01.10"]
[SourceQuality "1"]

1. d4 Nf6 2. c4 g6 3. Nc3 d5 4. Bg5 dxc4 5. e4 Bg7 6. Bxc4 c6 7. Nge2 0-0 8. 0-0 Nbd7 9. e5 Ne8 10. e6 fxe6 11. Nf4 Nc7 12. Bxe6+ Kh8 13. Re1 Nf6 14. Bb3 Bf5 15. Nfe2 h6 16. Bf4 Nfd5 17. Nxd5 Nxd5 18. Be5 Bxe5 19. dxe5 e6 20. Nd4 Qg5 21. Bxd5 cxd5 22. Qc1 Qxc1 23. Raxc1 g5 24. Rc7 b6 25. f3 Rfc8 26. Rec1 Rxc7 27. Rxc7 h5 28. Kf2 g4 29. Nxf5 exf5 30. Ke3 Re8 31. Kd4 f4 32. Rxa7 Rc8 33. e6 1-0

[Event "Wch U20 Girls 24th"]
[Site "Yerevan"]
[Date "2006.10.14"]
[Round "11"]
[White "Aketayeva, Dana"]
[Black "Prismontaite, Reda"]
[Result "1-0"]
[WhiteElo "2312"]
[BlackElo "1963"]
[PlyCount "67"]
[EventDate "2006.10.03"]
[EventType "swiss"]
[EventRounds "13"]
[EventCountry "ARM"]
[SourceTitle "CBM 114 Extra"]
[Source "ChessBase"]
[SourceDate "2006.11.03"]
[SourceVersion "1"]
[SourceVersionDate "2006.11.03"]
[SourceQuality "1"]

1. Nf3 c5 2. c4 g6 3. g3 Bg7 4. Bg2 Nf6 5. 0-0 Nc6 6. d4 cxd4 7. Nxd4 Nxd4 8. Qxd4 d6 9. Nc3 0-0 10. Qh4 Rb8 11. Bg5 Re8 12. Rac1 Be6 13. Nd5 Bxd5 14. cxd5 Qa5 15. Qc4 h6 16. Be3 Rec8 17. Qb3 Qa6 18. Bh3 Rxc1 19. Rxc1 Qxe2 20. Bxa7 Qd2 21. Rd1 Qe2 22. Bf1 Qh5 23. Bxb8 Ng4 24. h3 Ne5 25. Bg2 f5 26. Ba7 g5 27. Bd4 f4 28. Bxe5 Bxe5 29. g4 Qh4 30. Qd3 Kh8 31. b4 h5 32. gxh5 Qxh5 33. a4 Qh4 34. Qf3 1-0

[Event "Wch U20 Girls 24th"]
[Site "Yerevan"]
[Date "2006.10.06"]
[Round "4"]
[White "Prismontaite, Reda"]
[Black "Videnova, Iva"]
[Result "0-1"]
[WhiteElo "1963"]
[BlackElo "2141"]
[PlyCount "130"]
[EventDate "2006.10.03"]
[EventType "swiss"]
[EventRounds "13"]
[EventCountry "ARM"]
[SourceTitle "CBM 114 Extra"]
[Source "ChessBase"]
[SourceDate "2006.11.03"]
[SourceVersion "1"]
[SourceVersionDate "2006.11.03"]
[SourceQuality "1"]

1. d4 c5 2. d5 g6 3. c4 Bg7 4. e4 d6 5. Nc3 e6 6. f4 exd5 7. cxd5 a6 8. a4 Ne7 9. Nf3 0-0 10. Be2 Nd7 11. 0-0 f5 12. e5 dxe5 13. d6 Nc6 14. Bc4+ Kh8 15. Ng5 Nd4 16. Nf7+ Rxf7 17. Bxf7 Qf6 18. Ba2 Qxd6 19. Ne2 b5 20. Nxd4 Qxd4+ 21. Qxd4 exd4 22. Bd5 Rb8 23. axb5 axb5 24. Ra7 Nf6 25. Re1 Bd7 26. Re7 Rd8 27. Bc6 Bxc6 28. Rxg7 Rd7 29. Rgxd7 Bxd7 30. Kf1 Kg8 31. Rc7 c4 32. b3 Be6 33. bxc4 bxc4 34. Ke2 Bd7 35. Rb7 Be6 36. Rb8+ Kf7 37. Rd8 Nd5 38. g3 Ke7 39. Ra8 Nc3+ 40. Ke1 Ne4 41. Ke2 d3+ 42. Ke3 Bd7 43. Ra6 Bb5 44. Rb6 Ba4 45. Rb7+ Kd8 46. Rxh7 Bc2 47. Rh8+ Kd7 48. Rh7+ Ke6 49. Rh8 c3 50. Rd8 d2 51. Bxd2 cxd2 52. Rxd2 Nxd2 53. Kxd2 Ba4 54. Ke3 Kd5 55. h3 Bb5 56. g4 Bf1 57. gxf5 gxf5 58. h4 Ke6 59. Kf2 Bh3 60. h5 Kf6 61. Kg3 Bg4 62. Kh4 Bd1 63. h6 Kg6 64. h7 Kxh7 65. Kg5 Bc2 0-1